Qué es un eclipse?.

Guardado en:
Formato: Deslizar
Series:Educable
Materias:
SOL
Etiquetas: Agregar Etiqueta
Sin Etiquetas, Sea el primero en etiquetar este registro!
LEADER 00850ngm a22002415g 4500
001 CEM.cems022082
008 130507b1994##################0###0#####d
005 20241003161726.0
245 0 0 |a Qué es un eclipse?. 
300 |a 26'. 
490 0 |a Educable 
500 |a En soporte VHS, consultar en ventanilla. 
505 0 |a La observación del sol. Manchas solares. Qué es un eclipse. Eclipse solar. Eclipse lunar. Formación de los planetas del sistema solar. Descripción de los planetas. 
538 |a Soporte: VHS - Norma: Pal N - Color - Grabación DRD 1994 - Hitachi=4835 
082 5 2 |/ JUT 
653 |a ASTRONOMIA 
653 |a SISTEMA SOLAR 
653 |a SOL 
653 |a ECLIPSES 
653 |a MANCHAS SOLARES 
653 |a PLANETAS 
653 |a NIVEL SECUNDARIO 
859 |a CEMS  |b BIB. CEMS - Depto. Recursos Didacticos  |h 520  |i JUT  |k DRD  |p 725.12  |t Ej.1